Honor, honra e injuria en el Derecho medieval español / (Record no. 143298)

MARC details
000 -LEADER
campo de control de longitud fija 00592nam a2200169 4500
001 - NÚMERO DE CONTROL
campo de control 143298
003 - IDENTIFICADOR DE NÚMERO DE CONTROL
campo de control ES-MaACL
005 - FECHA Y HORA DE LA ÚLTIMA TRANSACCIÓN
campo de control 20230906200756.0
007 - CAMPO FIJO DE DESCRIPCIÓN FÍSICA--INFORMACIÓN GENERAL
campo de control de longitud fija t|
008 - DATOS DE LONGITUD FIJA--INFORMACIÓN GENERAL
campo de control de longitud fija 070214s1969 sp r ||||1| spa d
100 1# - ENTRADA PRINCIPAL--NOMBRE DE PERSONA
Nombre de persona Serra Ruiz, Rafael.
9 (RLIN) 105657
245 10 - MENCIÓN DEL TÍTULO
Título Honor, honra e injuria en el Derecho medieval español /
Mención de responsabilidad, etc. Rafael Serra Ruiz.
260 ## - PUBLICACIÓN, DISTRIBUCIÓN, ETC.
Lugar de publicación, distribución, etc. Murcia :
Nombre del editor, distribuidor, etc. Universidad, Departamento de Historia del Derecho,
Fecha de publicación, distribución, etc. 1969 (
Fabricante Nogués)
300 ## - DESCRIPCIÓN FÍSICA
Extensión 306 p. ;
Dimensiones 25 cm.
710 2# - ENTRADA AGREGADA--NOMBRE DE ENTIDAD CORPORATIVA
Nombre de entidad corporativa o nombre de jurisdicción como elemento de entrada Universidad de Murcia.
Unidad subordinada Departamento de Historia del Derecho.
9 (RLIN) 7238
852 ## - LOCALIZACIÓN
Ubicación ES-MaACL
Número de control de estantería C-37719
Sublocalización o colección R.72437
Holdings
Estatus retirado Estado de pérdida Estado de daño No para préstamo Biblioteca de origen Biblioteca actual Ubicación en estantería Fecha de adquisición Fuente de adquisición Total de préstamos Signatura topográfica completa Código de barras Visto por última vez Precio de reemplazo Tipo de ítem Koha
        Biblioteca del Ateneo de Madrid Biblioteca del Ateneo de Madrid Depósito 2 17/01/2008     C-37719 1149093 23/02/2023 23/02/2023 Libro impreso